Les Johnny célèbres - Statistiques

Statistiques générales
  • Ce quiz a été pris 203 fois
    76 depuis la dernière actualisation
  • Le résultat moyen est 3 sur 12
Statistiques - réponses
Par images Réponse % Correct
Johnny Depp
94%
Johnny Hallyday
94%
Johnny Cash
44%
Johnny Clegg
35%
Johnny Weissmuller
25%
Johnny Knoxville
10%
Johnny Carson
6%
Johnny Ramone
4%
Johnny Herbert
3%
Johnny Mathis
3%
Johnny Nash
3%
Johnny Griffin
1%
Aucun quiz correspondant
Distribution des résultats
% des personnes avec chaque résultat
Percentile par nombre de réponses
Votre historique - résultats
Vous n’avez pas pris ce quiz depuis la dernière actualisation